Rappeurs français - Mort subite #2 - Statistiques

Statistiques générales
  • Ce quiz a été pris 1 919 fois
  • Le résultat moyen est 6 sur 10
Answers on the Grid
Answers color-coded by a green-red scale on the quiz's grid according to % correct below.
Nekfeu
Kaaris
PNL
Orelsan
Zola
SDM
Naps
Dinos
Dosseh
Lefa
Drake
Lil Wayne
Caballero
Hamza
Damso
Roméo Elvis
 
Statistiques - réponses
Réponse % Correct
Nekfeu
66%
PNL
66%
Zola
66%
Naps
64%
SDM
64%
Kaaris
63%
Orelsan
63%
Dinos
59%
Lefa
47%
Dosseh
46%
Aucun quiz correspondant
Distribution des résultats
% des personnes avec chaque résultat
Percentile par nombre de réponses
Votre historique - résultats
Vous n’avez pas pris ce quiz